00258nam a2200097Ia 4500008004100000100002300041245002900064260003300093300000800126650002600134190216s9999||||xx |||||||||||||| ||und|| aGangadharan Nair N 2aA Mirror Of Modern Prose bUniversity Of Calicutc1998 a99p aModern Indian History